000
00322nam a22001457a 4500
003
SGT
020
_a
0761934693
082
_a
302.23
_b
T03K
100
_a
KHANDEKAR, VANITA KOHLI
245
_a
THE INDIAN MEDIA BUSINESS
260
_b
RESPONSE BOOKS
_c
2003
300
_a
264
650
_a
SOCIAL SCIENCE
942
_2
ddc
_c
BK
999
_c
28531
_d
28531